States With Only One R - Statistics

General Stats
  • This quiz has been taken 56 times
  • The average score is 19 of 20
Answer Stats
States % Correct
Arizona
100%
New Jersey
100%
California
98%
Colorado
98%
Oregon
98%
Rhode Island
98%
Vermont
98%
Virginia
98%
West Virginia
98%
Arkansas
96%
Florida
96%
New York
96%
Delaware
94%
Georgia
92%
New Hampshire
92%
North Dakota
92%
South Carolina
92%
Missouri
88%
Maryland
84%
Nebraska
80%
No matching quizzes found
Score Distribution
Percent of People with Each Score
Percentile by Number Answered
Your Score History
You have not taken this quiz